000 00555nam a2200193 a 4500
005 20140311163006.0
008 040823s19uu xx 00 eng d
020 _a0805840265
050 _aLB 1099.3
_b.P694 2004
100 _aPowell, Robert G.
_931230
245 _aClassroom communication and diversity /
_cPowell, Robert G.
260 _aMahwah :
_bLEA,
_c2004.
300 _a238 p. :
_c24 cm.
500 _aIncludes index.
650 _aMulticultural Education.
_92136
700 _aCaseau, Dana
_931231
942 _cBK
_2lcc
_kFOR
999 _c39314
_d39314